| Record ID | ia:completepoemsofe0000nell |
| Source | Internet Archive |
| Download MARC XML | https://archive.org/download/completepoemsofe0000nell/completepoemsofe0000nell_marc.xml |
| Download MARC binary | https://www.archive.org/download/completepoemsofe0000nell/completepoemsofe0000nell_meta.mrc |
LEADER: 00862cam a2200265 a 4500
001 83183824
003 DLC
005 19910621135820.4
008 830809s1983 quc 00010 eng
010 $a 83183824 //r91
020 $a0887722180 (pbk.)
040 $aDLC$cDLC$dDLC
041 1 $aengfre
050 00 $aPQ3919.N4$bA23 1983
082 00 $a841$219
100 10 $aNelligan, Emile,$d1879-1941.
240 10 $aPoems.$lEnglish
245 14 $aThe complete poems of Emile Nelligan /$ctranslated and with an introduction by Fred Cogswell.
250 $a1st Harvest House ed.
260 0 $a[Montreal, Quebec] :$bHarvest House,$cc1983.
300 $axxiv, 120 p. ;$c19 cm.
440 0 $aFrench writers of Canada
500 $aTranslation of: Poésies complètes.
600 10 $aNelligan, Emile,$d1879-1941$xTranslations into English.
700 10 $aCogswell, Fred,$d1917-